Quizzes
Events
Quiz Creation
Community
Videos
Private Events
Remove Ads
Sign In
Join for FREE
Feedback
Dark Mode
Quiz Categories
Sports
Geography
Music
Movies
Television
Just For Fun
Miscellaneous
History
Literature
Language
Science
Gaming
Entertainment
Religion
Holiday
For Kids
Quiz Lab
Recent
Popular Today
Quiz Kudos Today
Editor Picks
Curator Picks
Quizzes by...
Day
Popularity
Type
Ratings
Length
Year
Community
Subscriptions
Recent Discussions
Orange Saloon
Badges
Playlists
Quests
Create
Leaderboards
Showdown
Live 5
Trivia Bingo
Activity
Puzzle Library
Sporcle Events
Private Events
Virtual Trivia
Globe League
Become a Host
Pub Owners
SporcleCon
Opinionation
Our Games
Videos
Blog
Mobile Apps
Partnerships
Remove Ads and Go Orange
Feedback
Music
Pop Music
The Beatles
Song
Album
Lyrics
Bands
Singers
Artist
Clip
Rock
Rap
Classical
Billboard
Country Music
Kpop
Taylor Swift
Music
Pop Music
The Beatles
Song
Album
Lyrics
Bands
Singers
Artist
Clip
Rock
Rap
Classical
Billboard
Country Music
Kpop
Taylor Swift
Random Quiz
Search Sporcle
×
Quiz Lab
Quiz Lab
Music
Album
Type in answers that appear in a list
Type in answers that appear in a list
Classic
Best Score? Go Orange.
Name the Quarantine the Past Tracks Stats
Can you name the Name the Best of Pavement: Quarantine the Past tracks?
By
renmei85
7m
23 Questions
153 Plays
153 Plays
153 Plays
Comments
Comments
Give Quiz Kudos
Give Quiz Kudos
-
- Ratings
hide this ad
Replay
Link that replays current quiz
Next Quiz
Link to next quiz in quiz playlist
You Got
0%
They Got
Avg Score
62%
Avg Friend Score
Upgrade to see
Score Distribution
Jump to the score distribution portion of the page
Score
0/23
Timer
07:00
0
Plays Today
Album
Song
% Correct
Crooked Rain, Crooked Rain
Gold Soundz
85.6%
Brighten the Corners
Stereo
85.6%
Brighten the Corners
Shady Lane
85.6%
Crooked Rain, Crooked Rain
Cut Your Hair
83%
Slanted and Enchanted
Here
79.1%
Slanted and Enchanted
Trigger Cut
78.4%
Crooked Rain, Crooked Rain
Range Life
77.1%
Terror Twilight
Spit on a Stranger
77.1%
Watery, Domestic EP
Frontwards
67.3%
Wowee Zowee
Grounded
66%
Brighten the Corners
Date with Ikea
62.1%
Slay Tracks (1933-
1969)
Box Elder
60.1%
Album
Song
% Correct
Slanted and Enchanted
Two States
59.5%
Crooked Rain, Crooked Rain
Unfair
59.5%
Slanted and Enchanted
In the Mouth a Desert
58.8%
Slanted and Enchanted
Summer Babe (Winter Version)
58.8%
No Alternative Comp
Unseen Power of the Picket Fence
47.1%
Wowee Zowee
Fight This Generation
47.1%
Crooked Rain, Crooked Rain
Heaven is a Truck
45.1%
Perfect Sound Forever EP
Debris Slide
43.8%
Watery, Domestic EP
Shoot the Singer (1 Sick Verse)
35.9%
Brighten the Corners
Embassy Row
34.6%
Perfect Sound Forever EP
Mellow Jazz Docent
30.7%
Quiz Playlist
Details
Report
Send in Message
Add To Playlist
Classic:
Type in answers that appear in a list
Quiz Source
Last Updated: Feb 16, 2017
Quiz Scoreboard
CHALLENGE
Sign Up to Join the Scoreboard
Show All
Scores
Hide
Comments
May contain spoilers
Recently Published
An Introduction to Baseball
by treessimontrees
Sports
5m
Movies - When Are They Set?
by FPL_Elf
Movies
5m
Popular People in 1961
by mucciniale
History
6m
More to Explore
Quiz From the Vault
Featured Blog Post
Where Did the Easter Bunny Come From?
hide this ad
You Might Also Like...
Tags
Album Quiz
Pavement
track
Today's Top Quizzes in Music
Browse Music
hide this ad
Today's Top Quizzes in Album
Browse Album
Top Contributed Quizzes in Music
1
Taylor Swift All Songs (2024)
2
2010s Album by Cover III
3
Guess the Artist- 70s Songs
4
One Thing in Common: Music
5
Taylor Swift Logic Puzzle
6
Guess the Taylor Swift song (Mystery Song)
7
2010s Album by Cover IV
8
2010s Album by Cover V
9
KPOP LOGIC QUIZ
10
Kpop Logic Quiz
Explore More
Trending Topics
Anime
NBA
Harry Potter
Disney
Crossword
Marvel
Kpop
NFL
The Office
Country
Pokémon
Song
Puzzle
Soccer
WWE
hide this ad
More By:
renmei85
Quiz
Plays
Rating
Category
Featured
Created
Name the Quarantine the Past Tracks
153
5.00
Music
Oct 31, 2010
Covered Songs
35
1.00
Music
Nov 10, 2010
Bands A-Z
3
Music
Jan 29, 2011
Go to Creator's Profile
Score Distribution
Quiz Creator Spotlight
renmei85
Follow
Send a Message
Quizzes Created
-
Created Quiz Play Count
-
More By This Creator
Popular Quizzes Today
1
Find the Countries of Europe - No Outlines Minefield
2
Find the US States - No Outlines Minefield
3
The Countries of the World
4
Popular People in 1961
5
US States
6
1-10 Letter E Words III
7
Find the US States
8
One Thing in Common: World Cities II
More Music Quizzes
7 to 1: Musical Artists by Country
Published
Trending Quizzes
Risky Map Clicking: Least Populous States A-Z
1-10 Letter F Words
1-10 Letter G Words
One Thing in Common: United Kingdom
Risky Map Clicking: Next State Alphabetically
Recently Updated
Leaping Animals
pecheneg
Reality TV Shows (A-Z)
bhenderson79
Rickey Henderson's Hall of Fame Teammates
pecheneg
Champions League XIs: Arsenal
pecheneg
Quick Pick: Celebrities in WWE's Hall of Fame
aduchscher
A-Z Keypad Blitz II
pecheneg
Multiple Oscar Actors
pecheneg
Mystery Phrase Blitz: Oscar 'Best Actors'
pecheneg
F. Scott Fitzgerald Novels
LTH
Pick 3 Villains
ddd62291
Trending Topics
Marvel
NBA
Disney
Harry Potter
Crossword
Anime
Kpop
NFL
Soccer
WWE
Country
Song
Puzzle
Pokémon
The Office
Your Account Isn't Verified!
In order to create a playlist on Sporcle, you need to verify the email address you used during registration. Go to your
Sporcle Settings
to finish the process.
Report this User
Report this user for behavior that violates our
Community Guidelines
.
Details:
Send Report
Go to the Sporcle.com Mobile Site →
Comments